LIBRARY & INFORMATION CENTRE, KCAET, TAVANUR

ONLINE PUBLIC ACCESS CATALOGUE (OPAC)

A Textbook of Strength of Materials / (Record no. 13052)

MARC details
000 -LEADER
fixed length control field 00454cam a2200169ua 4500
003 - CONTROL NUMBER IDENTIFIER
control field OSt
008 - FIXED-LENGTH DATA ELEMENTS--GENERAL INFORMATION
fixed length control field 250512b |||||||| |||| 00| 0 eng d
020 ## - INTERNATIONAL STANDARD BOOK NUMBER
ISBN 9788131808146
082 ## - DEWEY DECIMAL CLASSIFICATION NUMBER
Classification number 624.17
Item number BAN/TE
100 ## - MAIN ENTRY--AUTHOR NAME
Personal name Bansal, R K.
245 ## - TITLE STATEMENT
Title A Textbook of Strength of Materials /
250 ## - EDITION STATEMENT
Edition statement 4 / Rev 4 th/ 5
260 ## - PUBLICATION, DISTRIBUTION, ETC. (IMPRINT)
Place of publication New Delhi :
Name of publisher Laxmi Publications ,
Year of publication 2011
300 ## - PHYSICAL DESCRIPTION
Number of Pages 1092 ; / 1106
Accompanying material `.
650 ## - SUBJECT ADDED ENTRY--TOPICAL TERM
Topical Term Mechanics of solids
942 ## - ADDED ENTRY ELEMENTS (KOHA)
Koha item type Books
Holdings
Withdrawn status Lost status Damaged status Home library Current library Date acquired Full call number Accession Number Koha item type Collection code Shelving location Source of acquisition Cost, normal purchase price
      KAUAET KAUAET 07/04/2012 624.17 BAN/TE 21413 Books        
      KAUAET KAUAET 30/03/2013 624.17 BAN/TE 23646 Books Non-fiction General Stacks Calicut Book Distributors 625.00
      KAUAET KAUAET 30/03/2013 624.17 BAN/TE 24126 Books   General Stacks Aman Book Stall, Calicut  
      KAUAET KAUAET 26/07/2016 624.17 BAN/TE 24177 Books   General Stacks Penta Books, Calicut. 595.00
free website counter